Asal usul bunga mawar

Bibliographic Details
Main Author: Salmah Hj Alwi
Format: Book
Published: Selangor : Penerbit prismaSdn. Bhd , 2002
Series:Rampaian cerita rakyat
Subjects:

MARC

LEADER 00000cam a2200000 7i4500
001 0000074410
005 20170730.0
008 170729
020 |a 98382392194 
090 0 0 |a JF   |b MAL 
100 1 |a Salmah Hj Alwi 
245 1 0 |a Asal usul bunga mawar   |c Salmah Hj Alwi 
260 |a Selangor :   |b Penerbit prismaSdn. Bhd ,   |c 2002 
490 1 |a Rampaian cerita rakyat 
500 |a Children ages 7-9 years old (orange) 
650 0 |a Malay fiction 
999 |a 0000008497   |b Book   |c Children Collection   |e Cawangan Taman Universiti 
999 |a 0000008498   |b Book   |c Children Collection   |e Cawangan Taman Universiti 
999 |a 0000008499   |b Book   |c Children Collection   |e Cawangan Taman Universiti 
999 |a 0000008500   |b Book   |c Children Collection   |e Cawangan Taman Universiti